000 00296nam a22001217a 4500
082 _a928.914391
100 _aPirzada, Syed Shaifuddin
245 _aQuiad's Correspondence
260 _aLahore :
_bServices Book Club,
_c1987.
300 _a451 p. ;
_b23 cm.
500 _aHardcover..
942 _cBK
999 _c34123
_d34123